| 000 | 01311nam a22002417a 4500 | ||
|---|---|---|---|
| 999 |
_c5713 _d5713 |
||
| 003 | AR-CdUCM | ||
| 008 | 190313b ||||| |||| 00| 0 spa d | ||
| 040 |
_aMUNICIPALIDAD PROVINCIAL DEL CUSCO _cBIBLIOTECA MUNICIPAL DEL CUSCO |
||
| 082 |
_a986.2 / _bG643 _22 ed. |
||
| 100 |
_aGonzales Suarez, Federico _916906 |
||
| 245 | _aHistoria General de la República del Ecuador / | ||
| 260 |
_aGuayaquil : _bAriel, |
||
| 300 |
_at.1, t.2, t.3, t.4, t.5 ; _c18 cm. |
||
| 440 |
_aClasicos Ariel _n28, 34,39,42,49 _917017 |
||
| 500 | _aDonación de la familia Nieto | ||
| 505 | _aContenido: t.5 La colonia -- Don Fray Luis López de Solís, cuarto obispo de Quito -- Sucesos Diversos -- Organización y estado de la colonia al principiar el siglo décimo séptimo ... t.1 Las más antiguas naciones indignes del Ecuador t-- Conquista y dominación de los incas en el reino de Quito t.2 La historia antigua -- Descubrimiento del Perú ... t.4 Fundación de la real audiencia -- El presidente Santillana y el obispo Peña ... t.3 Gobierno del presidente La-Gasca -- Erección del obispo de Quito ... | ||
| 650 |
_aHistoria de Ecuador _97286 |
||
| 650 |
_aColonia en Ecuador _917018 |
||
| 650 |
_aPolítica _9291 |
||
| 700 |
_aHernan Rodriguez Castelo (introduccion) / _917019 |
||
| 942 |
_2ddc _cLIBROS |
||
| 945 | _acmm | ||